|
|
|
|
| LEADER |
00000cam a2200000 a 4500 |
| 001 |
UCF1972 |
| 003 |
CL-VaPUC |
| 005 |
20210506001525.0 |
| 008 |
120802e20050000SP |||||||||||||||||spa|d |
| 999 |
|
|
|c 348656
|d 348654
|
| 020 |
|
|
|a 9788430942596
|
| 040 |
|
|
|c Pontificia Universidad Católica de Valparaíso
|
| 082 |
0 |
4 |
|a 192
|b HUM
|2 21
|
| 100 |
|
|
|a Hume, David
|e author
|9 858138
|
| 245 |
1 |
0 |
|a Tratado de la naturaleza humana: autobiografía
|
| 250 |
|
|
|a 4a. ed
|
| 260 |
|
|
|a Madrid
|b Tecnos
|c 2005
|
| 300 |
|
|
|a 841 p
|
| 583 |
|
|
|a last modification
|c 20120802 10:35:00
|k Rodrigo Vera
|
| 650 |
|
0 |
|a Empirismo
|9 255037
|
| 650 |
|
0 |
|a Teoría del conocimiento
|9 255038
|
| 852 |
|
|
|a BIBCUR
|
| 942 |
|
|
|c BK
|2 ddc
|
| 945 |
|
|
|d 20120802 00:00:00
|a dcastane
|
| 952 |
|
|
|0 0
|1 0
|4 0
|6 192_000000000000000_HUM_2005
|7 0
|8 A
|9 450780
|a BIBEDU
|b BIBHIS
|d 2019-11-22
|i 4884426
|l 13
|m 6
|o 192 HUM 2005
|p 4884426
|r 2025-03-27
|s 2025-03-06
|w 2019-11-22
|y BK
|k FIL
|